000 00417nam a2200157 i 4500
001 149735
003 ES-MaACL
005 20230906203231.0
007 t|
008 071024s1920 fr ||||1| fre d
100 1 _aVaudoyer, Jean-Louis.
_9113311
245 1 3 _aLe dernier rendez-vous /
_cJean-Louis Vaudoyer.
260 _a[Lagny :
_bE. Grevin,
_c1920]
300 _a301 p. ;
_c18 cm.
852 _aES-MaACL
_jF-2886
999 _c149735
_d149735